Los pueblos indígenas, derechos humanos y democracia en América Latina /

Trata el tema de los derechos humanos en relación a los pueblos indígenas en América Latina. Para ello analiza distintos aspectos que son considerados auspiciosos, como la transformación gradual de la politica indigenista, el fortalecimiento étnico y nuevas formas de relación con los Estados, entre...

תיאור מלא

שמור ב:
מידע ביבליוגרפי
מחבר ראשי: Hugo Cárdenas, Víctor Hugo
פורמט: Texto
נושאים:
תגים: הוספת תג
אין תגיות, היה/י הראשונ/ה לתייג את הרשומה!

MARC

LEADER 00000 a a2200000 04500
001 3798
003
040
100 |a Hugo Cárdenas, Víctor Hugo  
245 |a Los pueblos indígenas, derechos humanos y democracia en América Latina /  |c Víctor Hugo Hugo Cárdenas 
520 |a Trata el tema de los derechos humanos en relación a los pueblos indígenas en América Latina. Para ello analiza distintos aspectos que son considerados auspiciosos, como la transformación gradual de la politica indigenista, el fortalecimiento étnico y nuevas formas de relación con los Estados, entre otros. Entre los déficit se tienen en cuenta la necesidad de respuestas legales y jurídicas, como también un mayor apoyo internacional. Doc/PAG  
650 |a DERECHOS HUMANOS  
650 |a AMERINDIOS  
650 |a POBLACION INDIGENA  
650 |a AMERICA LATINA  
773 |g volumen 15, número 4 (60); páginas 103-116  
999 |c 23333  |d 23333